| 000 | 00546nam a22001817a 4500 | ||
|---|---|---|---|
| 003 | OSt | ||
| 005 | 20180116183044.0 | ||
| 008 | 160425b xxu||||| |||| 00| 0 eng d | ||
| 020 | _a97818612422589 | ||
| 040 | _c0 | ||
| 082 | _a658.72 CIP 2012 | ||
| 100 | _aCIPS | ||
| 245 |
_aInventory and Logistics Operations AC4 _bAdvanced Certificate in Procurement and Supply Operations _cCIPS |
||
| 260 |
_a Lincolnshire _b Profex Publishing Limited _c 2012 |
||
| 300 |
_a174 p. _bPB |
||
| 440 | _aInventory and Logistics Operations | ||
| 942 |
_2ddc _cBK |
||
| 999 |
_c351372 _d351372 |
||